01160nam a22002777a 450000500170000001000150001702000270003203500130005903700130007208200140008510000270009924500600012626000840018627000420027030000330031249000620034550000520040750500730045965000430053265000400057565000470061565000460066294200280070899900170073695201290075320150827110946.0 aENG-113396 a9788177421101c1500.00 aEN-96928 bDBAD/PUB a410.20951 aChaudhuri, Saroj Kumar aSanskrit in China and Japan /cby Saroj Kumar Chaudhuri aNew Delhi b International Academy of Indian Culture and Aditya Prakashanc2011 a2/18, Ansari RoadbNew Delhi e110002 axvii,312p. :c29cm(Hb)bill. a Śata-piṭaka series : Indo-Asian literatures ; v. 637 a Includes bibliographical references and index. a1. Linguistics -- pt. 2. Our shared heritage -- pt. 3. Dictionaries. a Sanskrit language zChina x History. aSanskrit languagezJapan xHistory. a Sanskrit languagex Influence on Chinese. aSanskrit languagexInfluence on Japanese. 2ddccENmCHAh410.20951 c94738d94738 001040718NFICaDBADbDBADd2015-07-08eDBAD/PUBg1500.00l0o410.20951 CHApEN-96928r2015-07-08 00:00:00t1v1500.00yEN